00400nam a2200145Ia 4500008004100000050002400041245002800065250001300093260002900106300002300135500003300158650001400191980003400205999001500239151021s9999 xx 000 0 und d aQH 308.2 .M24 2010  a_Essentials of biology  a2nd ed.  aLondon Mcgraw Hill 2010  axxiv,650p.: ills.  aincludes index and glossary  a_Biology  a^d20101216 11:53:44^oTiampati c5718d5718